INTERNATIONAL CONFERENCE ON BOUNDARY ELEMENT METHODS, APPLICATION IN FLUID MECHANICS AND FIELD PROBLEMS,VOL.2 (Record no. 575100)

000 -LEADER
fixed length control field 00560nam a22001337a 4500
020 ## - INTERNATIONAL STANDARD BOOK NUMBER
International Standard Book Number 1-85312-093-6
082 ## - DEWEY DECIMAL CLASSIFICATION NUMBER
Classification number 620.001515353 INT'T
100 ## - MAIN ENTRY--PERSONAL NAME
Personal name TANAKA, M, BREBBIA, C.A, HONMA, T
9 (RLIN) 67283
245 ## - TITLE STATEMENT
Title INTERNATIONAL CONFERENCE ON BOUNDARY ELEMENT METHODS, APPLICATION IN FLUID MECHANICS AND FIELD PROBLEMS,VOL.2
260 ## - PUBLICATION, DISTRIBUTION, ETC.
Place of publication, distribution, etc. BERLIN
Name of publisher, distributor, etc. SPRINGER-VERLAG
Date of publication, distribution, etc. 1990
300 ## - PHYSICAL DESCRIPTION
Extent 572P
650 ## - SUBJECT ADDED ENTRY--TOPICAL TERM
Topical term or geographic name entry element ENGINEERING APPLICATIONS INVERSE PROBLEMS ELECTROMAGNETICS SENSITIVITY ANALYSIS AND OPTIMIZATION ACOUSTICS FREE SURFACE PROBLEMS FLUID MECHANICS
9 (RLIN) 67284
942 ## - ADDED ENTRY ELEMENTS (KOHA)
Koha item type Book
Holdings
Withdrawn status Lost status Source of classification or shelving scheme Damaged status Not for loan Permanent Location Current Location Shelving location Date acquired Full call number Barcode Date last seen Price effective from Koha item type Public note
          College of Electrical & Mechanical Engineering (CEME) College of Electrical & Mechanical Engineering (CEME) General Stacks 08/01/2017 620.001515353 INT'T CEME-27864 06/28/2021 06/28/2021 Book 4.0
© 2023 Central Library, National University of Sciences and Technology. All Rights Reserved.